Right with God / (Record no. 3527)

MARC details
000 -LEADER
fixed length control field 00781cam a2200253 i 4500
001 - CONTROL NUMBER
control field 1791218
003 - CONTROL NUMBER IDENTIFIER
control field GBCCL
005 - DATE AND TIME OF LATEST TRANSACTION
control field 20241126110457.0
008 - FIXED-LENGTH DATA ELEMENTS--GENERAL INFORMATION
fixed length control field 780331t19781971ilu 000 0 eng
010 ## -
-- 78006809
020 ## - INTERNATIONAL STANDARD BOOK NUMBER
International Standard Book Number 0802473571 :
Terms of availability $1.95
040 ## - CATALOGING SOURCE
Original cataloging agency DLC
Transcribing agency DLC
Modifying agency DLC
050 00 -
-- BT1102
-- .B53 1978
082 00 - DEWEY DECIMAL CLASSIFICATION NUMBER
Classification number 248.4
Item number BLA
100 1# - MAIN ENTRY--PERSONAL NAME
Personal name Blanchard, John,
Dates associated with a name 1932-
9 (RLIN) 4948
245 10 - TITLE STATEMENT
Title Right with God /
Statement of responsibility, etc. John Blanchard.
250 ## - EDITION STATEMENT
Edition statement Moody paperback ed.
260 ## - PUBLICATION, DISTRIBUTION, ETC.
Place of publication, distribution, etc. Chicago :
Name of publisher, distributor, etc. Moody Press,
Date of publication, distribution, etc. 1978, c1971.
300 ## - PHYSICAL DESCRIPTION
Extent 142 p. ;
Dimensions 18 cm.
650 #0 - SUBJECT ADDED ENTRY--TOPICAL TERM
Topical term or geographic name entry element Apologetics.
9 (RLIN) 85
856 42 - ELECTRONIC LOCATION AND ACCESS
Materials specified Contributor biographical information
Uniform Resource Identifier <a href="http://www.loc.gov/catdir/enhancements/fy0609/78006809-b.html">http://www.loc.gov/catdir/enhancements/fy0609/78006809-b.html</a>
906 ## - LOCAL DATA ELEMENT F, LDF (RLIN)
a 7
b cbc
c orignew
d 1
e ocip
f 19
g y-gencatlg
942 ## - ADDED ENTRY ELEMENTS (KOHA)
Source of classification or shelving scheme Dewey Decimal Classification
Koha item type Books
Koha issues (borrowed), all copies 3
Holdings
Withdrawn status Lost status Source of classification or shelving scheme Damaged status Not for loan Home library Current Library Shelving location Date acquired Total checkouts Full call number Barcode Date last seen Date last checked out Copy number Price effective from Koha item type
    Dewey Decimal Classification     GRACE BIBLE COLLEGE GRACE BIBLE COLLEGE Ministry & Mission 2017-11-29 3 248.4 BLA 009299 2025-05-01 2023-02-22 c.1 2017-11-29 Books
© Grace Bible College Library 2025